| 000 | 00486nam a22001697a 4500 | ||
|---|---|---|---|
| 999 |
_c26561 _d26561 |
||
| 003 | BDDh-ASL | ||
| 005 | 20231015030646.0 | ||
| 008 | 211013s1860 i ||||| |||| 00| 0 u d | ||
| 040 |
_aBDDh-ASL _cBDDh-ASL |
||
| 082 |
_a297.3 _bZIK |
||
| 245 | 0 | 0 | _aZikrus Shahadatain : / ذکر الشھادتين |
| 260 |
_aAgra : _bElahi Press , _c1282H. / 1860. |
||
| 300 |
_a128 p. : _c26 cm. |
||
| 505 | _aPartly Worm-eaten | ||
| 650 | 0 |
_93283 _aIslamic History _vKarbala |
|
| 942 |
_2ddc _cBK |
||